| 000 | 00415nam a22001697a 4500 | ||
|---|---|---|---|
| 005 | 20160526121111.0 | ||
| 008 | 160526b xxu||||| |||| 00| 0 eng d | ||
| 020 | _a981-243-137-3 | ||
| 041 | _aeng | ||
| 082 | _b5194 | ||
| 100 |
_aGido & Clements _91300 |
||
| 245 | _aSuccessful Project Management | ||
| 260 |
_aNew Delhi _bAcademic Faundation _c2004 |
||
| 300 | _a408 | ||
| 650 |
_aManagement _9241 |
||
| 942 | _cBK | ||
| 999 |
_c1822 _d1821 |
||